000 00555nam a2200217Ia 4500
003 OSt
005 20220928144845.0
006 a|||||r|||| 00| 0
007 ta
008 220927b |||||||| |||| 00| 0 eng d
024 _a76456
037 _cTextual
040 _aSDCL
_cSDCL
_beng
041 _2eng
_aeng
082 _aV2:191N4'N5, L8
100 _aChamling Dhiraj R
_9509995
245 0 _aIndia and the United Nations.
260 _c1978
942 _hV2:191N4'N5, L8
_cTEXL
_2CC
999 _c829996
_d829996